LEADER 01159nam2 22002891i 450 001 UON00269473 005 20231205103749.414 010 $a22-510-0314-2 100 $a20051118d2003 |0itac50 ba 101 $agrc$aFRE 102 $aFR 105 $a|||| ||||| 200 1 $aLivre 7. / Strabon ; texte etabli et traduit par Raoul Baladie 205 $a2. tirage 210 $aParis$cLes belles lettres$d2003 215 $aVIII, 335 p. (65-181 doppie), [3] c. di tav. ripieg.$cill.$d20 cm 461 1$1001UON00128093$12001 $aGeographie$fStrabon$1205 $aParis : Les Belles Lettres$b2003$1210 $a9 v.$a20 cm$1215 $aTesto orig. a fronte$v4 620 $aFR$dParis$3UONL002984 700 0$aSTRABO$3UONV057357$0169725 702 1$aBALADIE'$bRaoul$3UONV058326 712 $aLes Belles Lettres$3UONV245913$4650 801 $aIT$bSOL$c20240220$gRICA 899 $aSIBA - SISTEMA BIBLIOTECARIO DI ATENEO$2UONSI 912 $aUON00269473 950 $aSIBA - SISTEMA BIBLIOTECARIO DI ATENEO$dSI T 1 BL GR STRAB 004 $eSI MC 29764 7 004 996 $aLivre 7$91181622 997 $aUNIOR LEADER 03337nam 22004095 450 001 9910838284603321 005 20250627121326.0 010 $a3-658-14828-4 024 7 $a10.1007/978-3-658-14828-7 035 $a(CKB)5600000000439257 035 $a(DE-He213)978-3-658-14828-7 035 $a(EXLCZ)995600000000439257 100 $a20231016d2016 u| 0 101 0 $ager 135 $aurnn|008mamaa 181 $ctxt$2rdacontent 182 $cc$2rdamedia 183 $acr$2rdacarrier 200 10$aTop Girls $eFeminismus und der Aufstieg des neoliberalen Geschlechterregimes /$fvon Angela McRobbie 205 $a2nd ed. 2016. 210 1$aWiesbaden :$cSpringer Fachmedien Wiesbaden :$cImprint: Springer VS,$d2016. 215 $a1 online resource (XXIX, 221 S.) 225 1 $aGeschlecht und Gesellschaft,$x2512-0905 ;$v67 311 08$a3-658-14827-6 327 $aAmbivalenzen der Sichtbarkeit ? Einleitung zur deutschen Ausgabe -- Was kommt nach dem Feminismus? -- Postfeminismus und Populärkultur: Bridget Jones und die neue Geschlechterordnung -- Ist der Feminismus am Ende? Die Politik der Desartikulation -- Top Girls? Junge Frauen und der neue Geschlechtervertrag -- Unlesbare Wut: Postfeministische Störungen -- ?What not to wear? und postfeministische symbolische Gewalt -- Fazit: Innerhalb und außerhalb der feministischen Wissenschaft. 330 $aMit dieser fulminanten Studie über den gegenwärtigen Zustand des Feminismus und seiner Verhandlung in der Populärkultur nimmt Angela McRobbie das zeitgenössische Aufatmen über das ,Ende des Feminismus? kritisch ins Visier. Nicht zuletzt sei dies auch eine Folge davon, dass boshafte Retraditionalisierungen von Geschlechterregimes die (kulturelle) Oberhand gewinnen. McRobbie analysiert empirisch, wie sich Konsum- und Populärkultur Rhetoriken und Bilder von weiblicher Freiheit und Autonomie aneignen und damit vordergründig den Erfolg von Frauen zu unterstützen scheinen. Doch McRobbies Tiefenbohrungen in die Welten von Bridget Jones und Heidi Klum zeigen, dass Frauen faktisch in neue, post-feministische ,neurotische? Abhängigkeiten gedrängt und (wieder einmal) degradiert werden. Scharfzüngig analysiert die Autorin kulturelle Phänomene und deren widersprüchliche Wirkungen im Alltag von Frauen: Modephotographie, Fernsehserien, die ,Bearbeitung? des Körpers und deren Zusammenhangmit Essstörungen, ,sinnloser Wut?, Körperhysterie. Angela McRobbie wird mit diesem Buch ihrer Position als prominente feministische Stimme und Klassikerin der Cultural Studies einmal mehr gerecht. Die Autorin Angela McRobbie ist Professorin für Kommunikationswissenschaften am Goldsmith College University of London. Die Herausgeberinnen Sabine Hark, Soziologin, ist Professorin für Interdisziplinäre Frauen- und Geschlechterforschung an der TU Berlin. Paula-Irene Villa, Soziologin, ist Professorin für Allg. Soziologie und Gender Studies an der LMU München. 410 0$aGeschlecht und Gesellschaft,$x2512-0905 ;$v67 606 $aSex 606 $aGender Studies 615 0$aSex. 615 14$aGender Studies. 676 $a305.3 700 $aMcRobbie$b Angela$4aut$4http://id.loc.gov/vocabulary/relators/aut$0142405 906 $aBOOK 912 $a9910838284603321 996 $aTop Girls$94403368 997 $aUNINA LEADER 04210oam 22004932 450 001 9910958989403321 005 20251116185653.0 010 $a0-429-64067-6 010 $a0-429-64384-5 010 $a0-367-13807-7 035 $a(CKB)4100000011044335 035 $a(MiAaPQ)EBC6181236 035 $a(OCoLC)1135232569 035 $a(OCoLC-P)1135232569 035 $a(FlBoTFG)9780367138073 035 $a(EXLCZ)994100000011044335 100 $a20191211d2020 uy 0 101 0 $aeng 135 $aur||||||||||| 181 $ctxt$2rdacontent 182 $cc$2rdamedia 183 $acr$2rdacarrier 200 10$aNarrative environments and experience design $espace as a medium of communication /$fTricia Austin 205 $a1st ed. 210 1$aNew York, NY :$cRoutledge,$d2020. 215 $a1 online resource (217 pages) 225 1 $aRoutledge research in design studies 311 08$a0-367-13804-2 320 $aIncludes bibliographical references and index. 327 $aCover -- Half Title -- Series Page -- Title Page -- Copyright Page -- Dedication -- Table of Contents -- List of Figures -- Plates -- Acknowledgements -- Introduction -- Theoretical Principles -- Related Literature -- The Structure of the Book -- References -- Chapter 1 Theory -- Space Communicates -- Space Narrates -- A Network Theory of Narrative Environments -- References -- Chapter 2 Precursors -- Design Practice Sources -- Narrative Environments Avant La Lettre -- References -- Chapter 3 Dramatic Conflict -- Researching Dramatic Conflicts for the Design of Narrative Environments -- Dramatic Conflict as the Basis of Narrative Placemaking -- Dramatic Conflicts and Story Dynamics in Exhibition Making -- Dramatic Conflicts and Story Dynamics in Critical Narrative Environments -- References -- Chapter 4 Story Content -- The Elements of Story -- Cisco House, London Olympics 2012, and Casa Cisco, Rio Olympics 2016 -- The Tower of London -- References -- Chapter 5 Story Telling -- Dramatic Arcs -- Human Movement through the Story -- Weaving Story into Space -- Story Telling in Non-Linear Space -- Non-Linear City Narratives -- References -- Chapter 6 Engagement -- Storyworld and the World of the Story -- Multimodality -- Spatial Arrangement as Mode of Address -- References -- Chapter 7 Immersion -- Immersive Experience -- The Museum of the Future, Dubai -- Worldbuilding -- Fair Enough: The Russian Pavilion for the Venice Architecture Biennale 2014 -- Edible Stories -- Virtual Reality and Immersion -- References -- Chapter 8 Framing and Reframing -- Reframing -- Puncturing Boundaries -- Metalepsis and Heterotopias -- References -- Chapter 9 From Sole Authorship to Co-creation -- Collaboration and Co-creation -- Participatory Art Practice -- Participatory Narrative Environments -- References -- Epilogue -- Index. 330 $a"This book argues narrative, people and place are inseparable and pursues the consequences of this insight through the design of narrative environments. This a new and distinct area of practice that weaves together and extends narrative theory, spatial theory and design theory. Examples of narrative spaces, such as exhibitions, brand experiences, urban design and socially-engaged participatory interventions in the public realm, are explored to show how space acts as a medium of communication through a synthesis of materials, structures and technologies; and how particular social behaviours are reproduced or critiqued through spatial narratives. This book will be of interest to scholars in design studies, urban studies, architecture, new materialism and design practitioners in the creative industries"--$cProvided by publisher. 410 0$aRoutledge research in design studies. 606 $aCommunication in architecture 606 $aSpace (Architecture)$xPsychological aspects 615 0$aCommunication in architecture. 615 0$aSpace (Architecture)$xPsychological aspects. 676 $a720.1 700 $aAustin$b Tricia$f1954-$01879573 801 0$bOCoLC-P 801 1$bOCoLC-P 906 $aBOOK 912 $a9910958989403321 996 $aNarrative environments and experience design$94492874 997 $aUNINA